000 01020nam0a2200325 4500
001 RU\NLR\BIBL_A\012067247
005 20190826155224.0
010 _a978-5-04-104150-2
_98000
021 _aRU
_bКН-П-19-048876
_9КН-П-19-3553
035 _a(NLR Aleph) 012067247
035 _a(RuMoRGB)010028370
090 _a11736432
_c11736432
100 _a20190731d2019 e y0rusy50 ca
101 0 _arus
102 _aRU
105 _ay|||z|||000ay
200 1 _aВ тихом городке у моря
_fМария Метлицкая
210 _aМосква
_cЭксмо
_d2019
215 _a409, [2] с.
_d20
225 1 _aBook. Resort & Spa
225 1 _aRelax, adventure, dream, love
333 _a16+
686 2 _aШ6(2=Р)8-440.4
700 1 _7ca
_8rus
_aМетлицкая
_bМ.
_f1959-
_gМария
_92697373
_3RU\NLR\AUTH\770290045
942 _cBOOK
980 _aNBR
980 _aNB